| 000 | 00772nam a2200265Ia 4500 | ||
|---|---|---|---|
| 005 | 20260121170513.0 | ||
| 008 | 008 260114s9999 xx 000 0 eng d | ||
| 020 | _a9789811300950 | ||
| 037 | _aEBOOK | ||
| 040 | _aCRL | ||
| 040 | _beng | ||
| 040 | _cCRL | ||
| 041 | _2eng | ||
| 041 | _aeng | ||
| 084 | _qCRL | ||
| 100 |
_aLiangbo Hu, Xiaoqiang Gu, Junliang Tao, Annan Zhou _91064692 |
||
| 245 | 0 | _aProceedings of GeoShanghai 2018 International Conference: Multi-physics Processes in Soil Mechanics and Advances in Geotechnical Testing | |
| 260 | _bSpringer | ||
| 260 | _bSpringer | ||
| 260 | _c2018 | ||
| 856 | _uhttps://link.springer.com/openurl?genre=book&isbn=978-981-13-0095-0 | ||
| 942 | _cEBOOK | ||
| 999 |
_c1630422 _d1630422 |
||